000 01659nam a22003977a 4500
001 00292
003 DO-SdBNP
005 20180309120931.0
007 00292
008 160504b dr 2008||||| |||| 00| 0 spa d
020 _a9789945113327 (v. 3)
020 _a9789945112184 (v. 3) Guía
020 _a9789945112344 (v. 3) Cuaderno
040 _aBPMSU
_bspa
_cBPMSU
092 _a372.357
_bN285e 3ro. 2008
100 1 _aQuírico, María
245 1 _aNaturaleza 3 :
_beducación básica /
_cMaría Quírico ... [et al.] ; dirección editorial Obdulia García de Escobar
260 _aSanto Domingo :
_bSantillana,
_c2008
300 _a3 v. :
_bil., retrs.
_c30 cm.
490 1 _aCoral
500 _aLa biblioteca posee guía y cuaderno
505 0 _aUnidad 1. La nutrición -- Unidad 2. Los huesos y los músculos -- Unidad 3. Cuidar la salud -- Unidad 4. Las plantas -- Unidad 5. Los animales -- Unidad 6. La tierra y el sistema solar -- Unidad 7. Fuerza y energía -- Unidad 8. Electricidad y magnetismo -- Unidad 9. El sonido -- Unidad 10. El medio ambiente.
650 4 _aCIENCIAS NATURALES
_xENSEÑANZA BÁSICA
650 4 _aCIENCIAS NATURALES
_xESTUDIOS Y EJERCICIOS
650 4 _aCIENCIAS NATURALES
_xLIBROS DE TEXTOS
650 4 _aCIENCIAS NATURALES
_xEDUCACIÓN PRIMARIA
650 4 _aEDUCACIÓN PRIMARIA
_zREPÚBLICA DOMINICANA
650 4 _aESTUDIO DE LA NATURALEZA
700 1 2 _aQuírico, María
700 1 _aGarcía de Escobar, Obdulia,
_e ed.
830 0 _aCoral
910 _aValidado. Control de calidad MFF
942 _2ddc
_cBK
945 _a Remanejado para la BNPHU / 2018 VM
956 _aBTAVÁREZ
999 _c9981
_d9981